actor - conan gray (lyrics) - Statistics

General Stats
  • This quiz has been taken 163 times
  • The average score is 256 of 308
Answer Stats
Hint Answer % Correct
a
100%
Verse 2 A
100%
I
100%
"I
100%
you
100%
you,
100%
You
100%
an
99%
me
99%
the
99%
The
99%
And
97%
and
97%
No,
97%
on
97%
your
95%
it
94%
won't
94%
For
92%
for
92%
spent
92%
stop
92%
bells
91%
church
91%
ringing
91%
summer
91%
But
90%
but
90%
day
90%
my
90%
wedding
90%
actor
88%
better
88%
drinking
88%
to
88%
when
88%
When
88%
away
87%
feeling
87%
in
87%
In
87%
just
86%
know
86%
undead
86%
you're
86%
You're
86%
go
85%
much
85%
than
85%
all
83%
friend
83%
nothing
83%
While
83%
being
82%
Bridge If
82%
of
82%
saw
82%
tried
82%
us
82%
erased
81%
ever
81%
hide
81%
Verse 1 Nobody
81%
nobody
81%
agree
79%
friends
79%
hotel
79%
happened,
78%
lobby
78%
didn't
77%
episode
77%
manic
77%
pretend
77%
some
77%
that
77%
whole
77%
with
77%
Blame
76%
cared,
76%
cry,
76%
said,
74%
TV
74%
well,
74%
wouldn't
74%
can
73%
girl
73%
lie
73%
meet
73%
show
73%
bad
72%
where
72%
bruises
71%
even
71%
him"
71%
sweatshirt
71%
There's
71%
Let's
69%
Conan?"
68%
fucking
68%
July
68%
left
68%
never
68%
say
68%
Tell
68%
"Have
67%
side
67%
went
67%
asked
65%
barely
65%
love
65%
react,
65%
you've
65%
it's
64%
one
64%
talked
64%
April
63%
mine
63%
necks
63%
our
63%
wondered
63%
kept
62%
she's
62%
can't
60%
coat
60%
damn
59%
feet
59%
she'll
59%
under
59%
alive
58%
leaving
58%
life
58%
table
58%
way
58%
world's
58%
face,
56%
Like
56%
Oh,
56%
believe
55%
discovered
55%
check
54%
out
54%
now
53%
saving
53%
take
53%
nose
51%
blows,
49%
wind
49%
kicking
47%
'Cause
46%
white
44%
I'm
40%
ago
37%
lives
37%
No matching quizzes found
Score Distribution
Percent of People with Each Score
Percentile by Number Answered
Your Score History
You have not taken this quiz